Database systems : a practical approach to design, implementation, and management /
Saved in:
| 主要作者: | |
|---|---|
| 其他作者: | |
| 格式: | 图书 |
| 出版: |
Boston ; London :
Addison-Wesley,
c2010.
|
| 版: | 5th ed. |
| 主题: | |
| 标签: |
添加标签
没有标签, 成为第一个标记此记录!
|
MARC
| LEADER | 00000cam a2200000 a 4500 | ||
|---|---|---|---|
| 020 | |a 9780321523068 |c TZs 76588/= | ||
| 040 | |a MUL |b eng. |e AACR | ||
| 082 | 0 | 0 | |a 005.74068 CON |
| 100 | 1 | |a Connolly, Thomas M. | |
| 245 | 1 | 0 | |a Database systems : |b a practical approach to design, implementation, and management / |c Thomas M. Connolly, Carolyn E. Begg. |
| 250 | |a 5th ed. | ||
| 260 | |a Boston ; |a London : |b Addison-Wesley, |c c2010. | ||
| 300 | |a 1 v. (various pagings) : |b ill. (some col.) ; |c 23 cm. | ||
| 504 | |a Includes bibliographical references and index. | ||
| 546 | |a eng. | ||
| 650 | 0 | |a Database design. | |
| 650 | 0 | |a Database management. | |
| 700 | 1 | |a Begg, Carolyn E. | |
| 942 | |c BK | ||
| 999 | |c 6881 |d 6881 | ||